|
|
|
|
| LEADER |
00000nam0a2200000 4500 |
| 001 |
349051 |
| 005 |
20231102010151.0 |
| 035 |
|
|
|a (RuTPU)RU\TPU\retro\1006
|
| 090 |
|
|
|a 349051
|
| 100 |
|
|
|a 20180409d1975 km y0rusy50 ca
|
| 101 |
0 |
|
|a rus
|
| 102 |
|
|
|a RU
|
| 105 |
|
|
|a a z 001zy
|
| 200 |
1 |
|
|a Избранные главы органической химии
|f А. Е. Агрономов
|g под ред. А. Н. Коста
|
| 210 |
|
|
|a Москва
|c Изд-во Московского университета
|d 1975
|
| 215 |
|
|
|a 444 с.
|c ил.
|
| 320 |
|
|
|a Библиография в конце глав
|
| 606 |
1 |
|
|a Органическая химия
|2 stltpush
|3 (RuTPU)RU\TPU\subj\47309
|9 66362
|
| 610 |
1 |
|
|a алифатический ряд
|
| 610 |
1 |
|
|a нуклеофильное замещение
|
| 610 |
1 |
|
|a реакции
|
| 610 |
1 |
|
|a конденсация
|
| 610 |
1 |
|
|a карбонильные соединения
|
| 610 |
1 |
|
|a синтез
|
| 610 |
1 |
|
|a магнийорганические соединения
|
| 610 |
1 |
|
|a реакции замещения
|
| 610 |
1 |
|
|a ароматическое ядро
|
| 610 |
1 |
|
|a нитрогруппа
|
| 610 |
1 |
|
|a диазотирование
|
| 610 |
1 |
|
|a восстановление
|
| 675 |
|
|
|a 547
|v 4
|
| 700 |
|
1 |
|a Агрономов
|b А. Е.
|g Александр Евгеньевич
|
| 702 |
|
1 |
|a Кост
|b А. Н.
|4 340
|
| 801 |
|
1 |
|a RU
|b 63413507
|c 20180409
|
| 801 |
|
2 |
|a RU
|b 63413507
|c 20191105
|g RCR
|
| 942 |
|
|
|c BK
|